| 000 | 01358nam a2200361 c 4500 | ||
|---|---|---|---|
| 001 | 58562 | ||
| 003 | CO-BoRNBP | ||
| 005 | 20250826213527.0 | ||
| 007 | ta | ||
| 008 | 210722r20152019ck er dspa d spa | ||
| 020 | _a9789588926100 | ||
| 040 |
_aCO-BoRNBP _bspa _erda _cCO-BoRNBP |
||
| 041 | 0 | _aspa | |
| 082 | 0 | 4 |
_a305.80098 _bB41a _222 |
| 100 |
_aBlandón Mena, Melquiceded _eaut _963515 |
||
| 245 | 1 | 0 |
_aAfrodescendencia : _bherederos de una tradición libertaria / _cMelquiceded Blandón Mena, Arleison Arcos Rivas. |
| 250 |
_aPrimera edición _bPrimera reimpresión |
||
| 264 | 1 |
_aBogotá, Colombia : _bEdiciones Desde Abajo, _c2019 |
|
| 300 | _a145 páginas | ||
| 336 |
_atexto _btxt _2rdacontent |
||
| 337 |
_asin mediación _bn _2rdamedia |
||
| 338 |
_avolumen _bnc _2rdacarrier |
||
| 490 | 0 |
_aColección primeros pasos _v15 |
|
| 500 | _aEl material correspondiente a la dotación PNLB 2022, corresponde a la primera reimpresión de 2019 | ||
| 504 | _aBibliografía: páginas 135-145 | ||
| 521 | _aRecomendado para un público adulto | ||
| 545 | _aIncluye datos biográfico de los autores en la contracarátula | ||
| 650 | 0 | 7 |
_aDiscriminación racial _zAmérica Latina _2lemb _963516 |
| 650 | 0 | 7 |
_aLibertades civiles _2lemb _932677 |
| 650 | 0 | 7 |
_aRacismo _2lemb |
| 700 |
_aArcos Rivas, Arleison _eaut _963517 |
||
| 942 |
_2ddc _cBK |
||
| 999 |
_c58562 _d58562 |
||